000 nam a22 7a 4500
999 _c27984
_d27983
003 OSt
005 20170518104812.0
008 170516b xxu||||| |||| 00| 0 eng d
020 _a0536751870
040 _aMMU
_beng.
_cMMU
_dMMU
050 _aLB1025.P764 2002
245 _aProfessional development/
_cedited by Deborah Gamracy and Kathleen Dindoff
260 _aNew Jersey:
_bPearson Custom Publishing,
_cc2002.
300 _axi,197p.;
650 _aprofessional
942 _2lcc
_cLOAN LOAN